| 000 | 00000nam##2200000za#4500 |
| 001 | 9.573016 |
| 003 | CaOODSP |
| 005 | 20210624183511 |
| 007 | cr ||||||||||| |
| 008 | 150406|1998||||xxc|||||o f|0| 0 eng|d |
| 040 | |aCaOODSP|beng |
| 043 | |an-cn--- |
| 086 | 1 |aNE12-3/8-1998E-PDF |
| 110 | 1 |aCanada. |bNational Energy Board. |
| 245 | 10|aElectricity |h[electronic resource] |
| 260 | |aCalgary - Alberta : |bNational Energy Board |cJanuary 1998. |
| 300 | |a5p. |
| 490 | 1 |aInformation bulletin |v8 |
| 500 | |aImperfect: p. 2 missing. |
| 590 | |a12-11-Supp|b2012-03-27 |
| 775 | 08|tÉlectricité |w(CaOODSP)9.603264 |
| 776 | 0#|tElectricity |w(CaOODSP)9.614588 |
| 830 | #0|aInformation bulletin ;|v8|w(CaOODSP)9.506777 |
| 856 | 40|ahttp://publications.gc.ca|qPDF|s102 KB|uhttps://publications.gc.ca/collections/Collection/NE12-3-8-1998E.pdf|y8 |